| 000 | 01903nam a2200337 i 4500 | ||
|---|---|---|---|
| 001 | 768714001 | ||
| 003 | CO-MdFUSB | ||
| 005 | 20240813095944.0 | ||
| 007 | ta | ||
| 008 | 240813t2008 bl |||| |||| 00| 0 por d | ||
| 020 | _a9788527504058 | ||
| 040 |
_aCO-MdFUSB _bspa _cCO-MdFUSB _dCO-MdFUSBC _erda |
||
| 041 | _apor | ||
| 082 |
_223 _a220.44 _bF819 |
||
| 100 |
_aFrancisco, Edson de Faria, _eautor |
||
| 245 | 1 |
_aManual da Bíblia hebraica : _bintrodução ao texto massorético : guia introdutório para a Bíblia Hebraica Stuttgartensia _c/ Edson de Faria Francisco |
|
| 250 | _atercera edición revisada y ampliada | ||
| 264 | 1 |
_bSociedade Religiosa Edições Vida Nova, _aSão Paulo, Brasil : _c[2008] |
|
| 264 | 4 | _c©2008 | |
| 300 |
_a715 páginas _c; 23 cm |
||
| 336 |
_2rdacontent _atexto _btxt |
||
| 337 |
_2rdamedia _asin mediación _bn |
||
| 338 |
_2rdacarrier _avolumen _bnc |
||
| 520 | _aEl Manual de la Biblia Hebrea es un libro extremadamente útil tanto para principiantes como para estudiantes avanzados de crítica textual. Además de ser una obra dedicada principalmente a la Biblia Hebraica Stuttgartensia (BHS), el lector también encontrará mucha información sobre la Biblia Hebraica Quinta (BHQ), la futura edición académica del texto bíblico hebreo que sucederá a la BHS. Esta es, por tanto, la edición definitiva del manual de uso de la BHS, para estudiantes, profesores e investigadores de habla portuguesa. “El lector encontrará aquí todo lo necesario como información básica para el uso de fuentes textuales y ediciones críticas modernas, especialmente la Biblia Hebraica Stuttgartensia. El libro está bien indexado y tiene abundante información bibliográfica." | ||
| 563 | _aPasta dura | ||
| 630 | 0 | 7 |
_aBiblia _xCrítica, interpretación, etc. |
| 653 | _aLingüística | ||
| 942 | _cREF | ||
| 945 | _aJTF-925 | ||
| 999 |
_c70781 _d70781 |
||